| 000 | 00432cam a2200181ua 4500 | ||
|---|---|---|---|
| 020 | _c2.20 | ||
| 041 |
_aeng _h |
||
| 082 |
_a370.1 _bBEL/EN |
||
| 100 | _aBell, C R V . | ||
| 245 |
_aEnglish system of education / _cC R V Bell. _hTextual Documents |
||
| 250 |
_a1 / _b. |
||
| 260 |
_aLondon : _bLongman Green and Co , _c1958. |
||
| 300 | _a44 ; . | ||
| 365 | _a2.20 | ||
| 504 | _a | ||
| 942 | _cBK | ||
| 999 |
_c12217 _d12217 |
||